书目信息 |
| 题名: |
基础语言学教程
|
|
| 作者: | 徐通锵 著 | |
| 分册: | ||
| 出版信息: | 北京 北京大学出版社 2001 |
|
| 页数: | 394页 | |
| 开本: | 20cm | |
| 丛书名: | 语言学教材系列 | |
| 单 册: | ||
| 中图分类: | H0 | |
| 科图分类: | ||
| 主题词: | 语言学 | |
| 电子资源: | ||
| ISBN: | 7-301-04755-X | |
| 000 | 00648nam0 2200229 45 | |
| 001 | 0312151583 | |
| 005 | 20031219104123.0 | |
| 010 | @a7-301-04755-X@dCNY19.00 | |
| 100 | @a20031215d2001 km y0chiy0120 ea | |
| 101 | 0 | @achi |
| 105 | @a z 000yy | |
| 200 | 1 | @a基础语言学教程@AJi Chu Yu Yan Xue Jiao Cheng@f徐通锵著@FXu Tong Qiang Zhu |
| 210 | @a北京@c北京大学出版社@d2001 | |
| 215 | @a394页@d20cm | |
| 225 | @a语言学教材系列 | |
| 300 | @a普通高等教育“九五”国家级重点教材 | |
| 410 | @12001 @a语言学教材系列 | |
| 606 | 0 | @a语言学 |
| 690 | @aH0@v4 | |
| 701 | 0 | @a徐通锵@4著 |
| 801 | @aCN@bTSTC@c20031215 | |
| 905 | @b330003-010@dH0@e103@f8 | |
| 基础语言学教程/徐通锵著.-北京:北京大学出版社,2001 |
| 394页;20cm.-(语言学教材系列) |
| 普通高等教育“九五”国家级重点教材 |
| ISBN 7-301-04755-X:CNY19.00 |
| ● |
| 相关链接 |
|
|
|
|
正题名:基础语言学教程
索取号:H0/103
 
预约/预借
| 序号 | 登录号 | 条形码 | 馆藏地/架位号 | 状态 | 备注 |
| 1 | 0330003 | 203300034 | 第四借阅区/ [索取号:H0/103] | 在馆 | |
| 2 | 0330004 | 203300043 | 第四借阅区/ [索取号:H0/103] | 在馆 | |
| 3 | 0330005 | 203300052 | 第四借阅区/ [索取号:H0/103] | 在馆 | |
| 4 | 0330006 | 203300061 | 第四借阅区/ [索取号:H0/103] | 在馆 | |
| 5 | 0330007 | 203300070 | 第四借阅区/ [索取号:H0/103] | 在馆 | |
| 6 | 0330008 | 203300089 | 第四借阅区/ [索取号:H0/103] | 在馆 | |
| 7 | 0330009 | 203300098 | 第四借阅区/ [索取号:H0/103] | 在馆 | |
| 8 | 0330010 | 203300105 | 第二样本阅览室/ [索取号:H0/103] | 在馆 |